Небесные Колокольцы: роман

Detalhes bibliográficos
Autor principal: Макаренков М. А. Максим Анатольевич
Outros Autores: Мареичева О. А. Ольга Анатольевна
Resumo:Кто-то проводит жуткий кровавый ритуал в тихом купеческом Синегорске. Такого кошмара город не знал со времен войны. Кому и зачем потребовалось тревожить зловещие тени прошлого? Искать разгадку приходится не только инквизиторам республики, но и отставному армейскому магу Владиславу Воронцову со своим учеником.
Idioma:russo
Publicado em: Москва, Армада, 2010
coleção:Фантастический боевик
Assuntos:
Formato: Livro
KOHA link:https://koha.lib.tpu.ru/cgi-bin/koha/opac-detail.pl?biblionumber=202291

MARC

LEADER 00000nam0a2200000 4500
001 202291
005 20231031185320.0
010 |a 9785992205671 
035 |a (RuTPU)RU\TPU\book\220446 
090 |a 202291 
100 |a 20111010d2010 m y0rusy50 ca 
101 0 |a rus 
102 |a RU 
105 |a y z 000ay 
200 1 |a Небесные Колокольцы  |e роман  |f М. А. Макаренков, О. А. Мареичева 
210 |a Москва  |c Армада  |c Альфа-книга  |d 2010 
215 |a 345 с. 
225 1 |a Фантастический боевик 
330 |a Кто-то проводит жуткий кровавый ритуал в тихом купеческом Синегорске. Такого кошмара город не знал со времен войны. Кому и зачем потребовалось тревожить зловещие тени прошлого? Искать разгадку приходится не только инквизиторам республики, но и отставному армейскому магу Владиславу Воронцову со своим учеником. 
610 1 |a русская литература 
610 1 |a романы 
610 1 |a фантастика 
610 1 |a боевики 
675 |a Р2  |v 3 
700 1 |a Макаренков  |b М. А.  |g Максим Анатольевич 
701 1 |a Мареичева  |b О. А.  |g Ольга Анатольевна 
801 1 |a RU  |b 63413507  |c 20111010 
801 2 |a RU  |b 63413507  |c 20111014  |g RCR 
942 |c BK